| 000 | 01465nam a22003257a 4500 | ||
|---|---|---|---|
| 003 | CHAP | ||
| 005 | 20231109113551.0 | ||
| 008 | 120418s1991 it r 00010 d | ||
| 010 | _a103091 | ||
| 011 | _a104063 | ||
| 035 | _a114752 | ||
| 040 | _cCHAP | ||
| 090 | _aFolleto 18172t (1991) v.31 | ||
| 110 | 0 |
_aPrograma Mundial de Alimentos (PMA) _992330 |
|
| 245 | 1 | 0 |
_a31<U+00BA> Período de sesiones, CPA - Roma, 20 - 27 de mayo de 1991 : _bactas de la reunión celebrada en la Sede de la FAO el 27 de mayo de 1991 (10o) = Thirty-first Session, CFA - Rome, 20 - 27 May 1991 : verbatim record of the meeting held at FAO Headquarters on 27 May 1991 (10o) = Trente et unième session, CPA - Rome, 20 - 27mai 1991 : proces-verbal de la reunion tenue au Siège de la FAO le 27 mai 1991 (10o) _c/por Programa Mundial de Alimentos |
| 260 |
_aRoma : _bPMA, _c1991 |
||
| 300 | _a44 p. | ||
| 500 | _aCFA: 31/PV/10 Provisional 28 May 1991. | ||
| 500 | _aEdición trilingüe (Inglés, Francés y Español) | ||
| 590 |
_aBATCH-UPD _b10 _c20130110 _lUCH01 _h0857 |
||
| 590 |
_aBATCH-UPD _b10 _c20130410 _lUCH01 _h0527 |
||
| 590 |
_aBATCH-UPD _b10 _c20130914 _lUCH01 _h0225 |
||
| 590 |
_aCONVERSION _b10 _c20130109 _lUCH01 _h1357 |
||
| 650 | 1 | 4 |
_aAlimentos _xAbastecimiento. |
| 650 | 1 | 4 |
_aAyuda alimentaria. _99032 |
| 650 | 1 | 4 |
_aPolítica alimentaria. _990389 |
| 901 | _aBK | ||
| 942 | _cFOLL | ||
| 949 |
_aFolleto 18172t (1991) v.31 _bBC _cFAO _d33724002330652 _eFAO1 _i114752 _sb |
||
| 999 |
_c103091 _d103091 |
||